Dibujo y diseño en ingeniería
| Main Authors: | , , |
|---|---|
| Format: | Section = Libro |
| Language: | Undetermined Spanish |
| Published: |
México
McGraw-Hill
2004
|
| Edition: | 6a.ed |
| Subjects: |
| LEADER | 00775nam a2200277Ia 4500 | ||
|---|---|---|---|
| 008 | 240830s9999 xx 000 0 und d | ||
| 020 | |a 970-10-3967-X | ||
| 040 | |a B-ESTELÍ- RUACS / 604.2 J54 | ||
| 041 | |a spa | ||
| 082 | |a 604.2 J54 | ||
| 100 | 1 | |a Jensen, Cecil | |
| 100 | 1 | |b Helsel, Jay D. | |
| 100 | 1 | |c Short, Dennis R. | |
| 245 | 1 | 0 | |a Dibujo y diseño en ingeniería |
| 250 | |a 6a.ed | ||
| 260 | |a México |b McGraw-Hill |c 2004 | ||
| 300 | |a 840 p. :il | ||
| 650 | 7 | |a DIBUJO - INGENIERÍA | |
| 650 | 7 | |b GRAFICOS DE INGENIERÍA | |
| 650 | 7 | |c DIBUJO - ASISTIDO POR COMPUTADORA | |
| 650 | 7 | |d DIBUJO - ELECTRICOS - ELECTRONICOS | |
| 650 | 7 | |e DIBUJO - DETALLES - ENSAMBLE | |
| 650 | 7 | |f EJERCICIOS - DIBUJO. | |
| 942 | |c BK |2 ddc | ||
| 991 | |a TEXTO | ||
| 999 | |c 11124 | ||